Protocol Analysis : Verbal Reports as Data /
Manual de metodologías para investigación de ciencias cognoscitivas en que se involucran reportes verbales.
Shranjeno v:
| Glavni avtor: | |
|---|---|
| Drugi avtorji: | |
| Format: | Knjiga |
| Jezik: | angleščina |
| Izdano: |
Cambridge, EUA :
Massachusetts Institute of Technology,
1993, c1993
|
| Izdaja: | 2a edición |
| Teme: | |
| Oznake: |
Brez oznak, prvi označite!
|
MARC
| LEADER | 00000nam^a2200000^a^4500 | ||
|---|---|---|---|
| 001 | 000111109 | ||
| 005 | 20250521000000.0 | ||
| 009 | 20260310093819.172 | ||
| 020 | |a 0-262-55023-7 | ||
| 037 | |a Acervo ITESO - Biblioteca | ||
| 041 | |a ING | ||
| 082 | |a 153. 42 |b ERI | ||
| 100 | |a Ericsson, Karl Anders |e (autor) | ||
| 245 | 1 | 0 | |a Protocol Analysis : |b Verbal Reports as Data / |c K.A. Ericsson, H.A. Simon. |
| 250 | |a 2a edición |b revisada | ||
| 264 | 4 | |a Cambridge, EUA : |b Massachusetts Institute of Technology, |c 1993, c1993 | |
| 300 | |a 443 p. | ||
| 336 | |a texto |b txt |2 rdacontenido | ||
| 337 | |a sin mediación |b n |2 rdamedio | ||
| 338 | |a volumen |b nc |2 rdasoporte | ||
| 520 | |a Manual de metodologías para investigación de ciencias cognoscitivas en que se involucran reportes verbales. | ||
| 649 | |a XX | ||
| 650 | |a Comunicación Verbal - |x Investigación | ||
| 650 | |a Lenguaje y Pensamiento | ||
| 650 | |a Pensamiento | ||
| 650 | |a Psicología Cognitiva | ||
| 650 | |a Psicología Experimental - |x Investigación | ||
| 650 | |a Análisis del Discurso | ||
| 650 | |a Análisis de Contenido | ||
| 650 | |a Conductismo | ||
| 650 | |a Investigación | ||
| 650 | |a Metodología | ||
| 700 | |a Simon, Herbert Alexander |e (autor) | ||
| 910 | |a Fondo General | ||
| 920 | |a Impresos - Libros | ||
| 930 | |a Colección General | ||
| 905 | |a 101 | ||
| 901 | |a 0500048371 |b IT1 |c ACC |u 20250521 | ||
| 902 | |a https://opac.biblio.iteso.mx/vufind/Record/000111109 | ||